000 00240nam a2200097Ia 4500
001 692980
005 20250826161905.0
008 250824s9999 xx 000 0 und d
245 0 _aKAR KOKUSU/A.ÜMİT/EVEREST
_cAHMET ÜMİT
260 _bEVEREST
999 _c692980
_d692980